Flags | Level one (Beginners) - Statistics

General Stats
  • This quiz has been taken 15 times
  • The average score is 5 of 7
Answer Stats
Picture Answer % Correct
Canada
91%
France
91%
Japan
91%
Pirate flag
91%
United States of America
91%
Surrender flag
64%
Red flag
27%
No matching quizzes found
Score Distribution
Percent of People with Each Score
Percentile by Number Answered
Your Score History
You have not taken this quiz